000
00416nam a2200145Ia 4500
008
100204s9999 xx 000 0 und d
082
_b
6756
100
_a
गंधे दिवाकर
245
_a
शतऋतु
260
_b
"डिंंंंप्ंाल पब्लिकेशन, वसई"
_c
1982
300
_a
119
630
_a
शतऋतु
730
_a
शतऋतु
942
_c
BOOK
999
_c
451194
_d
451191